| 000 | 00838na a2200241 4500 | ||
|---|---|---|---|
| 001 | 22859 | ||
| 003 | MIRAKIL | ||
| 005 | 20181213155246.0 | ||
| 008 | 170228b tu 000 0 | ||
| 040 |
_aMilas _btur _cTR-AnCHP |
||
| 041 | _atur | ||
| 082 |
_a351.7223 _bİ45 200 |
||
| 090 | _a351.7223 İ45 2007 | ||
| 245 |
_a2007 merkezi yönetim bütçesi _bUygulama sonuçları raporu _b2006 yılı genel uygunluk bildirimi eki rapor _c[yayınlayan] Sayıştay Başkanlığı |
||
| 246 | _a2006 yılı genel uygunluk bildirimi eki rapor | ||
| 246 | _aUygulama sonuçları raporu | ||
| 260 |
_aAnkara _bSayıştay Başkanlığı _c2007 |
||
| 300 |
_a105 s. _btbl. _c29 sm. |
||
| 650 |
_aÖzel bütçeli idareler _xBütçe, 2006 |
||
| 650 |
_aMerkezi yönetim _xBütçe, 2006 |
||
| 710 | _aSayıştay Başkanlığı | ||
| 942 |
_2ddc _cBKS |
||
| 999 |
_c9440 _d9440 |
||